Catálogo
 En Linea

Sobre el Mediterráneo : (Registro nro. 7425)

Detalles MARC
000 -CABECERA
campo de control de longitud fija 01021cam a2200253 a 4500
001 - NÚMERO DE CONTROL
campo de control 000007645
005 - FECHA Y HORA DE LA ÚLTIMA TRANSACCIÓN
campo de control 20250331111216.0
008 - DATOS DE LONGITUD FIJA--INFORMACIÓN GENERAL
campo de control de longitud fija 970919s1996 sp a 000 0dspa
020 ## - NÚMERO INTERNACIONAL ESTÁNDAR DEL LIBRO
Número Internacional Estándar del Libro 847820301X
040 ## - FUENTE DE LA CATALOGACIÓN
Centro catalogador/agencia de origen DO-SdBNP
Lengua de catalogación spa
Centro/agencia transcriptor LC
Centro/agencia modificador BNPHU
050 00 - SIGNATURA TOPOGRÁFICA DE LA BIBLIOTECA DEL CONGRESO
Número de clasificación DE100
Número de documento/Ítem .G37 1996
082 ## - NÚMERO DE LA CLASIFICACIÓN DECIMAL DEWEY
Número de clasificación nn*
Número de documento/Ítem G216s
049 ## - FONDOS LOCALES (OCLC)
Fondos de biblioteca BNGR
100 1# - ENTRADA PRINCIPAL--NOMBRE DE PERSONA
Nombre de persona García Mercadal, Fernando.
9 (RLIN) 21205
245 10 - MENCIÓN DE TÍTULO
Título Sobre el Mediterráneo :
Resto del título sus litorales, pueblos, culturas (imágenes y recuerdos) /
Mención de responsabilidad, etc. Fernando García Mercadal ; prólogo Fernando García Mercadal y García Loygorri.
260 ## - PUBLICACIÓN, DISTRIBUCIÓN, ETC.
Lugar de publicación, distribución, etc. Zaragoza :
Nombre del editor, distribuidor, etc. Institución Fernando el Católico, Excma. Diputación de Zaragoza,
Fecha de publicación, distribución, etc. 1996.
300 ## - DESCRIPCIÓN FÍSICA
Extensión 94 p. :
Otras características físicas il. ;
Dimensiones 24 cm.
490 1# - MENCIÓN DE SERIE
Mención de serie Éntasis :
-- Facsímiles,
Designación de volumen o secuencia 2
651 #0 - PUNTO DE ACCESO ADICIONAL DE MATERIA--NOMBRE GEOGRÁFICO
Nombre geográfico Mediterranean Region
Subdivisión general Description And Travel.
9 (RLIN) 21206
651 #0 - PUNTO DE ACCESO ADICIONAL DE MATERIA--NOMBRE GEOGRÁFICO
Nombre geográfico Región del Mediterráneo
9 (RLIN) 21207
650 #0 - PUNTO DE ACCESO ADICIONAL DE MATERIA--TÉRMINO DE MATERIA
Término de materia o nombre geográfico como elemento de entrada Vernacular architecture
Subdivisión geográfica Mediterranean Region
Subdivisión general In art.
9 (RLIN) 21208
830 #0 - PUNTO DE ACCESO ADICIONAL DE SERIE-TÍTULO UNIFORME
Título uniforme Éntasis :
Nombre de parte o sección de la obra Facsímiles,
Designación de volumen o secuencia 2
9 (RLIN) 21209
910 ## - DATOS DE OPCIÓN DEL USUARIO (OCLC)
Datos de opción del usuario Catalogación por copia / LC
Existencias
Estado de retiro Estado de pérdida Restricciones de uso No para préstamo Código de colección Localización permanente Ubicación/localización actual Ubicación en estantería Fecha de adquisición Número de inventario Total de préstamos Signatura topográfica completa Código de barras Fecha visto por última vez Precio válido a partir de Tipo de ítem Koha
    Préstamo interno   Monografías: Libros y Folletos General General En catalogación 09.09.2009 LF1   nn* G216s 7645-10 25.06.2020 25.06.2020 Préstamo interno

Con tecnología Koha